000 03640cam a22011774i 4500
003 PE-LiUPU
005 20250813185503.0
008 150625s r 000 0 d
035 _a(Sirsi) a32943
040 _aPE-LiUPU
_bspa
_cPE-LiUPU
_erda
082 0 4 _a303.4485
_bC79
_221
100 1 _aCossio de Vivanco, José Luis de,
_d1942- ,
_eautor.
245 1 0 _aPautas para el desarrollo peruano /
_cJosé Luis de Cossio de Vivanco.
264 1 _aLima :
_bSisfisa,
_c1989.
300 _a281 páginas ;
_c21 cm.
336 _atext
_2rdacontent
337 _aunmediated
_2rdamedia
338 _avolume
_2rdacarrier
505 0 _aLa jerarquía de los objetivos nacionales. -¿Por que hasta ahora no hemos alcanzado la estabilidad, elexito económico y la justicia social?. -Diagnostico de la realidad nacional. -Contexto organizacional de la cultura peruana contemporanea. -La innovación tacnologica para el desarrollo Peruano. -Como beneficiarnos de la tan necesaria inverción extranjera. -La estrategia emergente para la política del gobierno. -Los programas de desarrollo del gobierno y la realidad de la administración pública. -Aspectos disfuncionales de la administración pública. -El problema de la formación de gerentes públicos. -La viabilidad de una escuela de postgrado en gestión pública. -La adaptación organizacional a las inperfecciones del mercado. -Diseño y transformación de nuestras organizaciones. -Problemática del desarrollo gerencial. -Hacia el desarrollo organizacional en las empresas de propiedad estatal. -La necesidad de un gerente integrador.
526 _aP202
526 _aP201
526 _aP163
526 _aP162
526 _aP161
526 _aP160
526 _aP148
526 _aP147
526 _aP146
526 _aP145
526 _aP144
526 _aP143
526 _aP142
526 _aP141
526 _aP140
526 _aP139
526 _aP138
526 _aP137
526 _aP136
526 _aP135
526 _aP134
526 _aP133
526 _aP129
526 _aP128
526 _aP127
526 _aP120
526 _aP119
526 _aP118
526 _aP116
526 _aP115
526 _aP114
526 _aP110
526 _aP109
526 _aP108
526 _aP104
526 _aP103
526 _aP102
526 _aP99
526 _aP98
526 _aP97
526 _aP96
526 _aP95
526 _aP93
526 _aP90
526 _aP89
526 _aP88
526 _aP83
526 _aP82
526 _aP62
526 _aP59
526 _aP58
526 _aP57
526 _aP51
526 _aP49
526 _aP48
526 _aP47
526 _aP29
526 _aP24
526 _aP20
526 _aP19
526 _aP17
526 _aP15
526 _aP14
526 _aP12
526 _aP10
526 _aP09
526 _aP08
526 _aP07
526 _aP06
526 _aP05
526 _aP04
526 _aP01
650 0 4 _aDesarrollo económico y política
_zPerú.
650 0 4 _aRealidad peruana.
650 0 4 _aPerú
_xPolítica y gobierno
_ySiglo XX.
910 _a
942 _2ddc
_cBOOK
949 _a303.4485 C79
_wDEWEY
_c1
_i33602
_lCCODEBUL1
_mBUL
_p00.00
_r0
_sY
_tBOOK
_u2015-06-25
_xBIBLIOTECA
_zUNKNOWN
_0COMPRA
_o.STAFF. Colección General
596 _a1
999 _a303.4485 C79
_wDEWEY
_c40651
_i33602
_f2021-11-4
_g5
_lCCODEBUL1
_mBUL
_r0
_sY
_tBOOK
_u2015-6-25
_xBIBLIOTECA
_zUNKNOWN
_0COMPRA
_o.STAFF. Colección General
_d40651
980 _81
_gALBERTO SANCHEZ Responsable de Automatización